[Event "Copenhagen Chess Challenge 2008"]
[Site "Ballerup"]
[Date "2008.??.??"]
[Round "3"]
[White "Knudsen, Jes West"]
[Black "Andersen, Daniel"]
[Result "1/2-1/2"]
[WhiteElo "1980"]
[BlackElo "2010"]
[PlyCount "34"]
[EventDate "2008.??.??"]
[EventType "swiss"]
[EventRounds "9"]
[EventCountry "DEN"]

1. f4 d5 2. d3 Nc6 3. Nf3 Bg4 4. Nbd2 Qd6 5. g3 e5 6. h3 Bxf3 7. Nxf3 Nf6 8.
fxe5 Nxe5 9. Nxe5 Qxe5 10. Bf4 Qe7 11. c3 Nh5 12. Qa4+ c6 13. Rg1 Nxf4 14. Qxf4
O-O-O 15. h4 Qc7 16. Bh3+ Kb8 17. Qxc7+ Kxc7 1/2-1/2

[Event "Copenhagen Chess Challenge 2008"]
[Site "Ballerup"]
[Date "2008.??.??"]
[Round "3"]
[White "Movsziszian, Karen"]
[Black "Mikkelsen, Nikolaj"]
[Result "1/2-1/2"]
[WhiteElo "2536"]
[BlackElo "2392"]
[PlyCount "111"]
[EventDate "2008.??.??"]
[EventType "swiss"]
[EventRounds "9"]
[EventCountry "DEN"]

1. e4 c5 2. d3 Nc6 3. g3 g6 4. Bg2 Bg7 5. f4 e6 6. Nf3 d6 7. O-O Nge7 8. c3 O-O
9. Be3 b6 10. Na3 Bb7 11. Nc2 Qd7 12. Bf2 Rae8 13. Re1 f5 14. exf5 gxf5 15. d4
Nd5 16. Ng5 Nf6 17. Nxe6 Rxe6 18. Rxe6 Qxe6 19. d5 Qd7 20. dxc6 Bxc6 21. Bxc6
Qxc6 22. Ne3 Ne4 23. Qb3+ Kh8 24. Rd1 Re8 25. Qf7 Rf8 26. Qc4 b5 27. Qe6 b4 28.
Be1 bxc3 29. bxc3 Re8 30. Qxf5 Nf6 31. Bf2 Qf3 32. Re1 d5 33. Qc2 d4 34. cxd4
cxd4 35. Nf5 Rxe1+ 36. Bxe1 Qd5 37. Qc8+ Ng8 38. Ne7 Qxa2 39. Kf1 d3 40. Qxg8+
Qxg8 41. Nxg8 Kxg8 42. Kf2 Bd4+ 43. Kf3 h5 44. h3 Kf7 45. g4 hxg4+ 46. hxg4 Bb2
47. Bd2 a5 48. Bxa5 Bc1 49. f5 Kf6 50. Bd8+ Ke5 51. Bb6 d2 52. Bc7+ Kf6 53.
Bd8+ Ke5 54. Ke2 Kf4 55. f6 Kxg4 56. f7 1/2-1/2

[Event "Copenhagen Chess Challenge 2008"]
[Site "Ballerup"]
[Date "2008.??.??"]
[Round "4"]
[White "Akdag, Dara Sevkan"]
[Black "Hvenekilde, Jorgen"]
[Result "1/2-1/2"]
[WhiteElo "2095"]
[BlackElo "2210"]
[PlyCount "50"]
[EventDate "2008.??.??"]
[EventType "swiss"]
[EventRounds "9"]
[EventCountry "DEN"]

1. d4 d5 2. c4 e5 3. dxe5 d4 4. Nf3 Nc6 5. a3 Bg4 6. Nbd2 Nge7 7. h3 Be6 8. b4
Ng6 9. Bb2 Be7 10. Rc1 O-O 11. b5 Ncxe5 12. Nxd4 Qd7 13. e3 Rad8 14. Be2 c5 15.
Nxe6 Qxe6 16. Qc2 f5 17. Nf3 Bf6 18. O-O Rde8 19. Rfe1 b6 20. Rcd1 Kh8 21. Rd5
f4 22. Nxe5 Bxe5 23. Bxe5 Nxe5 24. exf4 Rxf4 25. Red1 Qf6 1/2-1/2

[Event "Copenhagen Chess Challenge 2008"]
[Site "Ballerup"]
[Date "2008.??.??"]
[Round "4"]
[White "Andersen, Daniel"]
[Black "Grove, Peter"]
[Result "1-0"]
[WhiteElo "2010"]
[BlackElo "2073"]
[PlyCount "63"]
[EventDate "2008.??.??"]
[EventType "swiss"]
[EventRounds "9"]
[EventCountry "DEN"]

1. c4 e5 2. Nc3 Nc6 3. Nf3 g6 4. d4 exd4 5. Nxd4 Bg7 6. Nxc6 bxc6 7. e4 Ne7 8.
Be3 O-O 9. Qd2 Re8 10. O-O-O a5 11. Bh6 c5 12. h4 Nc6 13. h5 Bxh6 14. Qxh6 g5
15. f4 Re6 16. Qxg5+ Qxg5 17. fxg5 Re5 18. Rd5 d6 19. Rxe5 Nxe5 20. Nb5 Rb8 21.
Nxc7 Be6 22. b3 Kg7 23. Be2 a4 24. Kc2 Nc6 25. Nb5 axb3+ 26. axb3 Bd7 27. Kb2
Rb6 28. Rd1 Rxb5 29. cxb5 Nd4 30. Bc4 Bg4 31. Rxd4 cxd4 32. b6 1-0

[Event "Copenhagen Chess Challenge 2008"]
[Site "Ballerup"]
[Date "2008.??.??"]
[Round "4"]
[White "De Verdier, Michael"]
[Black "Tikkanen, Hans"]
[Result "0-1"]
[WhiteElo "2225"]
[BlackElo "2437"]
[PlyCount "100"]
[EventDate "2008.??.??"]
[EventType "swiss"]
[EventRounds "9"]
[EventCountry "DEN"]

1. d4 d5 2. c4 e6 3. Nc3 c6 4. cxd5 exd5 5. Bf4 Bd6 6. Bxd6 Qxd6 7. e3 f5 8.
Bd3 Nf6 9. Nge2 O-O 10. h3 Be6 11. O-O Nbd7 12. Qc2 Nh5 13. f3 g6 14. e4 f4 15.
Qd2 Qe7 16. Qe1 dxe4 17. Nxe4 Nb6 18. Nc5 Bc4 19. Qc3 Qe3+ 20. Rf2 Bxd3 21.
Qxd3 Qxd3 22. Nxd3 Rad8 23. Rff1 Rfe8 24. Rfe1 Nd5 25. Rac1 Re3 26. Nc5 Rde8
27. Ne4 Nb4 28. Nxf4 R8xe4 29. fxe4 Rxe1+ 30. Rxe1 Nxf4 31. d5 Nfd3 32. d6 Ne5
33. Rd1 Nd7 34. a3 Na6 35. b4 Kf7 36. Kf2 Ke6 37. Kf3 Ne5+ 38. Kf4 Nb8 39. h4
h6 40. g4 Nbd7 41. a4 Nf7 42. Ke3 Nxd6 43. Kd4 Ne5 44. a5 Nxg4 45. a6 b6 46.
Rf1 Nb5+ 47. Kd3 Nc7 48. Kc3 Nxa6 49. Ra1 Nc7 50. Rxa7 Nb5+ 0-1

[Event "Copenhagen Chess Challenge 2008"]
[Site "Ballerup"]
[Date "2008.??.??"]
[Round "4"]
[White "Hansen, Lars Henrik Bech"]
[Black "Nilsson, Sebastian"]
[Result "1/2-1/2"]
[WhiteElo "2072"]
[BlackElo "2215"]
[PlyCount "36"]
[EventDate "2008.??.??"]
[EventType "swiss"]
[EventRounds "9"]
[EventCountry "DEN"]

1. e4 e6 2. d4 d5 3. exd5 exd5 4. Bd3 Nc6 5. c3 Bd6 6. Qf3 Nge7 7. Ne2 Be6 8.
Bf4 Bxf4 9. Nxf4 Qd7 10. Nxe6 fxe6 11. Nd2 O-O-O 12. Qg3 Nf5 13. Bxf5 exf5 14.
O-O-O Rde8 15. Rhe1 g6 16. f4 Re7 17. Rxe7 Nxe7 18. Re1 Rf8 1/2-1/2

[Event "Copenhagen Chess Challenge 2008"]
[Site "Ballerup"]
[Date "2008.??.??"]
[Round "4"]
[White "Hansen, Martin"]
[Black "Skovgaard, Peter Nicolai"]
[Result "1/2-1/2"]
[WhiteElo "2107"]
[BlackElo "2244"]
[PlyCount "95"]
[EventDate "2008.??.??"]
[EventType "swiss"]
[EventRounds "9"]
[EventCountry "DEN"]

1. e4 c5 2. c3 e6 3. d4 d5 4. exd5 exd5 5. Nf3 Nc6 6. Be3 c4 7. b3 cxb3 8. axb3
Bd6 9. Be2 Nge7 10. Qc1 O-O 11. O-O Re8 12. Ra2 Bf5 13. Qd2 Ng6 14. c4 a6 15.
Nc3 Nb4 16. Rb2 Rc8 17. Rc1 h6 18. Na4 Nf4 19. Rc3 Nxe2+ 20. Qxe2 Bg4 21. Qd1
Bxf3 22. Qxf3 b5 23. cxb5 axb5 24. Nc5 Qa5 25. Qd1 Qa3 26. Qb1 Bxc5 27. Rxc5
Rxc5 28. dxc5 d4 29. Bd2 Nd5 30. Rc2 d3 31. Rc1 Nb4 32. Bxb4 Qxb4 33. Qxd3 Re1+
34. Rxe1 Qxe1+ 35. Qf1 Qb4 36. Qc1 Qxb3 37. c6 Qe6 38. c7 Qc8 39. Qc6 b4 40.
Qd6 Kh7 41. Qd8 Qe6 42. h3 Qe1+ 43. Kh2 Qe5+ 44. g3 Qe2 45. Qd4 Qc2 46. c8=Q
Qxc8 47. Qxb4 Qc2 48. Kg2 1/2-1/2

[Event "Copenhagen Chess Challenge 2008"]
[Site "Ballerup"]
[Date "2008.??.??"]
[Round "4"]
[White "Haubro, Martin"]
[Black "Johansson, Alexander"]
[Result "0-1"]
[WhiteElo "1791"]
[BlackElo "2046"]
[PlyCount "114"]
[EventDate "2008.??.??"]
[EventType "swiss"]
[EventRounds "9"]
[EventCountry "DEN"]

1. e4 c5 2. Nf3 d6 3. d4 cxd4 4. Nxd4 Nf6 5. Nc3 a6 6. f4 e6 7. Be2 Be7 8. O-O
O-O 9. Kh1 Nc6 10. Nf3 Qc7 11. Be3 b5 12. a3 Bb7 13. Bd3 Rad8 14. Qe1 d5 15. e5
Nd7 16. Qg3 f5 17. exf6 Nxf6 18. Ng5 Bc8 19. Qh3 h6 20. Nxe6 Bxe6 21. Qxe6+ Kh8
22. Bd2 Bc5 23. Rae1 Ba7 24. Qe2 d4 25. Ne4 Nd5 26. f5 Ne3 27. Bxe3 dxe3 28. f6
g6 29. Nc3 Ne5 30. Nd1 Nxd3 31. cxd3 Rde8 32. Rf3 Qe5 33. Ref1 Re6 34. f7 Bd4
35. Rf4 Qd5 36. R1f3 Qc5 37. h3 Kg7 38. Re4 Rxe4 39. dxe4 Rxf7 40. Rg3 Qc1 41.
Qd3 Qd2 42. Qxd2 exd2 43. Rf3 Re7 44. Rd3 Rxe4 45. Rxd2 a5 46. Nf2 Re1+ 47. Kh2
Be5+ 48. g3 Re3 49. Ng4 Bxg3+ 50. Kg2 Rb3 51. Rd7+ Kf8 52. Rd2 h5 53. Nf6 Kg7
54. Ne4 Be5 55. Rd7+ Kh6 56. h4 Rxb2+ 57. Kh3 Rh2# 0-1

[Event "Copenhagen Chess Challenge 2008"]
[Site "Ballerup"]
[Date "2008.??.??"]
[Round "4"]
[White "Ivanov, Mikhail"]
[Black "Bejtovic, Jasmin"]
[Result "1-0"]
[WhiteElo "2492"]
[BlackElo "2364"]
[PlyCount "75"]
[EventDate "2008.??.??"]
[EventType "swiss"]
[EventRounds "9"]
[EventCountry "DEN"]

1. d4 Nf6 2. c4 g6 3. Nc3 Bg7 4. e4 O-O 5. Nge2 d6 6. Ng3 e5 7. d5 c6 8. Be2
cxd5 9. cxd5 Nbd7 10. Be3 a6 11. O-O b5 12. a3 h5 13. Rc1 h4 14. Nh1 h3 15. g3
Nb6 16. b3 Bd7 17. f3 Nh7 18. Nf2 Bf6 19. Qd2 Bg5 20. f4 exf4 21. gxf4 Bh6 22.
Kh1 Rb8 23. Rg1 Re8 24. Rg3 Qh4 25. Bg4 Bxg4 26. Rxg4 Qe7 27. f5 Bxe3 28. Qxe3
Nf6 29. Rh4 Nfxd5 30. Qh6 Qf6 31. Ng4 Qg7 32. Nxd5 Nxd5 33. exd5 Rbc8 34. Qxg7+
Kxg7 35. f6+ Kg8 36. Rxc8 Rxc8 37. Rxh3 Kf8 38. Rh8# 1-0

[Event "Copenhagen Chess Challenge 2008"]
[Site "Ballerup"]
[Date "2008.??.??"]
[Round "4"]
[White "Mikkelsen, Nikolaj"]
[Black "Haubro, Sigfred"]
[Result "1-0"]
[WhiteElo "2392"]
[BlackElo "2130"]
[PlyCount "133"]
[EventDate "2008.??.??"]
[EventType "swiss"]
[EventRounds "9"]
[EventCountry "DEN"]

1. e4 e5 2. Nf3 Nc6 3. Bb5 a6 4. Bxc6 dxc6 5. O-O Bg4 6. h3 Bxf3 7. Qxf3 Qd7 8.
d3 O-O-O 9. Nd2 f6 10. Nc4 g5 11. Qg4 Qxg4 12. hxg4 h5 13. gxh5 Rxh5 14. g3 Bc5
15. Be3 Bd6 16. Kg2 Ne7 17. Rh1 Rdh8 18. Rxh5 Rxh5 19. Rd1 c5 20. c3 Nc6 21.
Kf3 Be7 22. Bc1 Kd7 23. Ne3 Ke6 24. Nf5 Rh7 25. Be3 Bd6 26. Kg4 Rh2 27. Rb1 a5
28. b3 Ne7 29. d4 cxd4 30. cxd4 Nxf5 31. d5+ Ke7 32. Kxf5 b6 33. Rc1 Rh6 34. a4
Rh2 35. Kg4 Kd7 36. Kf3 Ba3 37. Rd1 Bd6 38. Ke2 Bb4 39. Kd3 Bd6 40. Kc4 Rh8 41.
Kb5 Rh2 42. Ka6 Rh8 43. Kb7 Rh2 44. Rf1 Rh8 45. Bc1 Rh3 46. Bb2 Rh2 47. Bc3 Rh3
48. Ka6 Bc5 49. Kb5 Rh2 50. Be1 Bd4 51. Kc4 Kd6 52. b4 axb4 53. Bxb4+ Kd7 54.
Be1 Kd6 55. Kb5 Kd7 56. Ka6 Bc5 57. Kb7 Bd4 58. Bb4 Bb2 59. a5 bxa5 60. Bxa5
Bd4 61. Rc1 Rxf2 62. Rxc7+ Ke8 63. d6 Ra2 64. Kc8 Rxa5 65. d7+ Ke7 66. d8=Q+
Ke6 67. Re7# 1-0

[Event "Copenhagen Chess Challenge 2008"]
[Site "Ballerup"]
[Date "2008.??.??"]
[Round "4"]
[White "Peschardt, Soren"]
[Black "Knudsen, Jes West"]
[Result "0-1"]
[WhiteElo "2130"]
[BlackElo "1980"]
[PlyCount "50"]
[EventDate "2008.??.??"]
[EventType "swiss"]
[EventRounds "9"]
[EventCountry "DEN"]

1. d4 Nf6 2. Nf3 d6 3. g3 Nc6 4. Bg2 g6 5. O-O Bg7 6. c4 O-O 7. Nc3 e5 8. d5
Ne7 9. e4 Nh5 10. Ne1 a6 11. Be3 f5 12. Bg5 f4 13. Nd3 h6 14. Bxe7 Qxe7 15. Bf3
Bh3 16. Re1 Qg5 17. Bxh5 gxh5 18. Qd2 h4 19. Kh1 Bg4 20. Rf1 Bf3+ 21. Kg1 fxg3
22. Qxg5 gxh2+ 23. Kxh2 hxg5 24. Rg1 Bh6 25. Ne1 Bh5 0-1

[Event "Copenhagen Chess Challenge 2008"]
[Site "Ballerup"]
[Date "2008.??.??"]
[Round "4"]
[White "Semcesen, Daniel"]
[Black "Christensen, Esben"]
[Result "1-0"]
[WhiteElo "2351"]
[BlackElo "2038"]
[PlyCount "79"]
[EventDate "2008.??.??"]
[EventType "swiss"]
[EventRounds "9"]
[EventCountry "DEN"]

1. d4 Nf6 2. c4 c5 3. d5 b5 4. Nf3 g6 5. Qc2 d6 6. e4 Bg7 7. cxb5 a6 8. Nc3 O-O
9. a4 axb5 10. Bxb5 Ba6 11. O-O Bxb5 12. Nxb5 Nbd7 13. Bd2 Nb6 14. b3 Qd7 15.
Na3 e6 16. dxe6 Qxe6 17. Ng5 Qe7 18. Rae1 Ng4 19. Nf3 Qe6 20. h3 Ne5 21. Nxe5
Bxe5 22. Be3 Rfb8 23. Nb5 Rb7 24. f4 Bg7 25. f5 Qe7 26. Bf4 Be5 27. Bxe5 Qxe5
28. Rd1 c4 29. fxg6 hxg6 30. Rxd6 cxb3 31. Qxb3 Qxe4 32. Rd4 Qe5 33. Qf3 Re7
34. Kh1 Qe2 35. Qf6 Nd7 36. Qf4 Nc5 37. Nc3 Qe5 38. Nd5 Re6 39. Qxf7+ Kh8 40.
Rh4+ 1-0

[Event "Copenhagen Chess Challenge 2008"]
[Site "Ballerup"]
[Date "2008.??.??"]
[Round "4"]
[White "Smith, Axel"]
[Black "Grandelius, Nils"]
[Result "1/2-1/2"]
[WhiteElo "2428"]
[BlackElo "2388"]
[PlyCount "79"]
[EventDate "2008.??.??"]
[EventType "swiss"]
[EventRounds "9"]
[EventCountry "DEN"]

1. e4 e5 2. Nf3 Nc6 3. Nc3 Nf6 4. Bb5 Nd4 5. Ba4 Nxf3+ 6. Qxf3 Be7 7. Qg3 O-O
8. Qxe5 Bb4 9. d3 Re8 10. Qg5 h6 11. Qh4 b5 12. Bb3 c5 13. Bd5 Bxc3+ 14. bxc3
Qa5 15. O-O Nxd5 16. exd5 Qxc3 17. Bf4 Bb7 18. Qg4 Bxd5 19. Qxd7 Rad8 20. Qxb5
Re2 21. d4 Re4 22. Bg3 cxd4 23. Qd3 Rde8 24. Qxc3 dxc3 25. f3 Re2 26. Rfe1 Kh7
27. Bf2 a6 28. a3 Bc6 29. Rac1 g5 30. h3 h5 31. Rxe2 Rxe2 32. Kf1 Bb5 33. Kg1
Bc6 34. Kf1 Bb5 35. Kg1 Kg6 36. Bd4 g4 37. hxg4 hxg4 38. Bxc3 gxf3 39. gxf3 Kf5
40. Bb4 1/2-1/2

[Event "Copenhagen Chess Challenge 2008"]
[Site "Ballerup"]
[Date "2008.??.??"]
[Round "5"]
[White "Bejtovic, Jasmin"]
[Black "Akdag, Dara Sevkan"]
[Result "0-1"]
[WhiteElo "2364"]
[BlackElo "2095"]
[PlyCount "62"]
[EventDate "2008.??.??"]
[EventType "swiss"]
[EventRounds "9"]
[EventCountry "DEN"]

1. e4 c5 2. Nf3 d6 3. d4 cxd4 4. Nxd4 Nf6 5. Nc3 a6 6. Bc4 e6 7. Bb3 b5 8. O-O
Bd7 9. Re1 Qc7 10. Qf3 Be7 11. Qg3 O-O 12. Bh6 Ne8 13. Nf5 exf5 14. Nd5 Qd8 15.
exf5 Bf6 16. Be3 Kh8 17. Bb6 Qc8 18. Rxe8 Bxe8 19. Qxd6 Nd7 20. Nxf6 gxf6 21.
Bd4 Rg8 22. Bd5 Rb8 23. Re1 Qd8 24. Re7 Rg7 25. Bc6 Rc8 26. Bxd7 Rc6 27. Qxf6
Rxf6 28. Rxe8+ Qxe8 29. Bxe8 Rd6 30. c3 Kg8 31. f3 h5 0-1

[Event "Copenhagen Chess Challenge 2008"]
[Site "Ballerup"]
[Date "2008.??.??"]
[Round "5"]
[White "Brynell, Stellan"]
[Black "Mikkelsen, Nikolaj"]
[Result "1/2-1/2"]
[WhiteElo "2461"]
[BlackElo "2392"]
[PlyCount "25"]
[EventDate "2008.??.??"]
[EventType "swiss"]
[EventRounds "9"]
[EventCountry "DEN"]

1. d4 Nf6 2. c4 g6 3. g3 Bg7 4. Bg2 d5 5. cxd5 Nxd5 6. e4 Nb6 7. Ne2 c5 8. d5
e6 9. O-O O-O 10. Nec3 Na6 11. a4 exd5 12. exd5 Bf5 13. Na3 1/2-1/2

[Event "Copenhagen Chess Challenge 2008"]
[Site "Ballerup"]
[Date "2008.??.??"]
[Round "5"]
[White "Hvenekilde, Jorgen"]
[Black "De Verdier, Michael"]
[Result "1/2-1/2"]
[WhiteElo "2210"]
[BlackElo "2225"]
[PlyCount "33"]
[EventDate "2008.??.??"]
[EventType "swiss"]
[EventRounds "9"]
[EventCountry "DEN"]

1. d4 d5 2. Nf3 Nf6 3. c4 e6 4. Nc3 Be7 5. e3 O-O 6. b3 c5 7. Be2 dxc4 8. bxc4
cxd4 9. exd4 Bb4 10. Qb3 Nc6 11. O-O b6 12. Bb2 Qe7 13. a3 Bd6 14. Rfe1 Na5 15.
Qa2 Bb7 16. Nb5 Ne4 17. Rad1 1/2-1/2

[Event "Copenhagen Chess Challenge 2008"]
[Site "Ballerup"]
[Date "2008.??.??"]
[Round "5"]
[White "Johansson, Alexander"]
[Black "Eriksson, Christian Altenburg"]
[Result "1/2-1/2"]
[WhiteElo "2046"]
[BlackElo "2129"]
[PlyCount "86"]
[EventDate "2008.??.??"]
[EventType "swiss"]
[EventRounds "9"]
[EventCountry "DEN"]

1. d4 d5 2. e3 c5 3. f4 Nf6 4. c3 Nc6 5. Bd3 Bg4 6. Nf3 Ne4 7. Nbd2 f5 8. O-O
e6 9. Qe1 Bxf3 10. Rxf3 Be7 11. Rh3 O-O 12. Nxe4 dxe4 13. Bc4 Qd7 14. Qe2 g6
15. Bd2 a6 16. a4 Na5 17. Ba2 b5 18. b4 cxb4 19. cxb4 Nb7 20. Rd1 Rfc8 21. d5
Rc2 22. Bb1 Rcc8 23. Be1 Nd6 24. a5 Nc4 25. Ba2 Bf6 26. Bh4 Bxh4 27. Rxh4 exd5
28. Rh3 Qe6 29. Qe1 Ra7 30. Qh4 Rd7 31. Kh1 Rcd8 32. g4 fxg4 33. Rg3 Qf5 34. h3
gxh3 35. Rg5 Qf7 36. Qxh3 d4 37. Rdg1 dxe3 38. f5 Rd1 39. Bxc4 bxc4 40. Qxe3
Rxg1+ 41. Kxg1 Qf6 42. Qc1 Rd1+ 43. Qxd1 Qxg5+ 1/2-1/2

[Event "Copenhagen Chess Challenge 2008"]
[Site "Ballerup"]
[Date "2008.??.??"]
[Round "5"]
[White "Karim, Ismael"]
[Black "Ivanov, Mikhail"]
[Result "1/2-1/2"]
[WhiteElo "2394"]
[BlackElo "2492"]
[PlyCount "33"]
[EventDate "2008.??.??"]
[EventType "swiss"]
[EventRounds "9"]
[EventCountry "DEN"]

1. e4 e5 2. Nf3 Nc6 3. Bb5 a6 4. Ba4 Nf6 5. d3 d6 6. c3 g6 7. Bg5 Bg7 8. Nbd2
h6 9. Bh4 O-O 10. Nf1 b5 11. Bb3 Ne7 12. Bxf6 Bxf6 13. Ne3 Bb7 14. Ng4 Bg7 15.
Qd2 Kh7 16. h4 Bc8 17. Ne3 1/2-1/2

[Event "Copenhagen Chess Challenge 2008"]
[Site "Ballerup"]
[Date "2008.??.??"]
[Round "5"]
[White "Knudsen, Jes West"]
[Black "Kludacz, Magdalena"]
[Result "0-1"]
[WhiteElo "1980"]
[BlackElo "2215"]
[PlyCount "82"]
[EventDate "2008.??.??"]
[EventType "swiss"]
[EventRounds "9"]
[EventCountry "DEN"]

1. e4 c6 2. Nf3 d5 3. exd5 cxd5 4. Ne5 Nc6 5. d4 Qb6 6. c3 Nf6 7. Qb3 Qxb3 8.
axb3 Nxe5 9. dxe5 Nd7 10. Bf4 g5 11. Bxg5 Nxe5 12. Be3 a6 13. Ra5 Be6 14. b4
Nc6 15. Rc5 Bf5 16. Na3 e6 17. b5 Bxc5 18. Bxc5 axb5 19. Bxb5 Rg8 20. g3 e5 21.
O-O f6 22. Rd1 Be6 23. Be2 Na7 24. Bh5+ Kd7 25. b4 Kc6 26. Be7 f5 27. c4 Nc8
28. b5+ Kc7 29. Bb4 dxc4 30. b6+ Kxb6 31. Be2 Kc6 32. Nxc4 Kb5 33. Bd2 Bxc4 34.
Rb1+ Kc6 35. Bxc4 Rd8 36. Bb5+ Kc7 37. Bc3 Rd5 38. Bf1 Nd6 39. Bb4 Ra4 40. Bg2
e4 41. Bh3 b5 0-1

[Event "Copenhagen Chess Challenge 2008"]
[Site "Ballerup"]
[Date "2008.??.??"]
[Round "5"]
[White "Nilsson, Sebastian"]
[Black "Andersen, Daniel"]
[Result "1-0"]
[WhiteElo "2215"]
[BlackElo "2010"]
[PlyCount "99"]
[EventDate "2008.??.??"]
[EventType "swiss"]
[EventRounds "9"]
[EventCountry "DEN"]

1. e4 e6 2. d4 d5 3. Nc3 Nf6 4. Bg5 Bb4 5. exd5 Qxd5 6. Bxf6 gxf6 7. Nge2 Nc6
8. Qd2 Bxc3 9. Nxc3 Qxd4 10. Qxd4 Nxd4 11. O-O-O Nc6 12. Nb5 Ke7 13. Nxc7 Rb8
14. Nb5 a6 15. Nd6 Rd8 16. Nxc8+ Rbxc8 17. Rxd8 Rxd8 18. Be2 Nd4 19. Bd1 f5 20.
Re1 Rd7 21. Re3 Rd8 22. Rh3 Rh8 23. c3 Nb5 24. Bf3 Nd6 25. Kc2 b6 26. b4 b5 27.
Kb3 Kd7 28. a4 Kc7 29. a5 Kd7 30. Rh4 Ke7 31. g3 h6 32. Be2 Kd7 33. c4 bxc4+
34. Bxc4 Nxc4 35. Kxc4 Kc6 36. Kc3 Kd5 37. Rd4+ Kc6 38. Rc4+ Kd6 39. Rc5 Rb8
40. Kc4 Rb7 41. Rc8 Kd7 42. Rh8 Rc7+ 43. Kb3 Rc8 44. Rxh6 Kd6 45. Rh7 Rc1 46.
f4 Rb1+ 47. Kc3 Rh1 48. Rxf7 Rxh2 49. Ra7 Rg2 50. Kd4 1-0

[Event "Copenhagen Chess Challenge 2008"]
[Site "Ballerup"]
[Date "2008.??.??"]
[Round "5"]
[White "Skovgaard, Peter Nicolai"]
[Black "Hansen, Lars Henrik Bech"]
[Result "1-0"]
[WhiteElo "2244"]
[BlackElo "2072"]
[PlyCount "61"]
[EventDate "2008.??.??"]
[EventType "swiss"]
[EventRounds "9"]
[EventCountry "DEN"]

1. e4 e5 2. Nf3 Nf6 3. Nxe5 d6 4. Nf3 Nxe4 5. Nc3 Nxc3 6. dxc3 Be7 7. Bf4 O-O
8. Qd2 Nc6 9. h4 Bf6 10. O-O-O Be6 11. Kb1 Ne5 12. Ng5 Bf5 13. f3 h6 14. g4 Bg6
15. Qg2 Qe8 16. Ne4 Bxe4 17. fxe4 Ng6 18. Bg3 Be5 19. Bf2 Qc6 20. Be3 Rae8 21.
Bd3 Nf4 22. Qf3 Re6 23. g5 Nxd3 24. cxd3 hxg5 25. hxg5 f6 26. g6 Rfe8 27. d4
Bxd4 28. Rxd4 f5 29. Qh5 Rxg6 30. Qxg6 Rxe4 31. Qh7+ 1-0

[Event "Copenhagen Chess Challenge 2008"]
[Site "Ballerup"]
[Date "2008.??.??"]
[Round "6"]
[White "Akdag, Dara Sevkan"]
[Black "Grandelius, Nils"]
[Result "1-0"]
[WhiteElo "2095"]
[BlackElo "2388"]
[PlyCount "120"]
[EventDate "2008.??.??"]
[EventType "swiss"]
[EventRounds "9"]
[EventCountry "DEN"]

1. d4 Nf6 2. c4 g6 3. Nc3 d5 4. Bg5 Ne4 5. Bh4 Nxc3 6. bxc3 dxc4 7. e3 Be6 8.
Rb1 b6 9. Nh3 Bxh3 10. gxh3 Bg7 11. Bxc4 O-O 12. Qf3 c6 13. Qe4 Bf6 14. Bxf6
exf6 15. Rg1 Kg7 16. h4 Re8 17. Qf5 Qe7 18. Kd2 Nd7 19. h5 Rad8 20. Bd3 Nf8 21.
h4 c5 22. hxg6 fxg6 23. h5 g5 24. h6+ Kh8 25. Rg3 cxd4 26. exd4 Ng6 27. Re3 Qf7
28. Bc4 Qf8 29. Bd3 Rxe3 30. fxe3 Qd6 31. Rf1 Rf8 32. Rf2 Qe7 33. Qe4 Qxe4 34.
Bxe4 g4 35. Bd5 f5 36. Be6 Nh4 37. Rf1 g3 38. Ke2 Rf6 39. d5 Rxh6 40. Rd1 Rf6
41. d6 Rf8 42. d7 Rd8 43. Rd4 g2 44. Kf2 g1=Q+ 45. Kxg1 Nf3+ 46. Kf2 Nxd4 47.
cxd4 f4 48. e4 Kg7 49. Kf3 Kf6 50. Bf5 b5 51. Kxf4 b4 52. d5 Ke7 53. e5 Rxd7
54. Bxd7 Kxd7 55. Kf5 a5 56. Kf6 Ke8 57. e6 a4 58. e7 b3 59. Ke6 b2 60. d6 b1=N
1-0

[Event "Copenhagen Chess Challenge 2008"]
[Site "Ballerup"]
[Date "2008.??.??"]
[Round "6"]
[White "Brauener, Jonathan"]
[Black "Grove, Peter"]
[Result "0-1"]
[WhiteElo "1920"]
[BlackElo "2073"]
[PlyCount "102"]
[EventDate "2008.??.??"]
[EventType "swiss"]
[EventRounds "9"]
[EventCountry "DEN"]

1. e4 c5 2. Nf3 d6 3. d4 cxd4 4. Nxd4 Nf6 5. Nc3 g6 6. Bc4 Bg7 7. O-O O-O 8. h3
a6 9. Bg5 b5 10. Bb3 Bb7 11. Re1 Nbd7 12. Qd2 Rc8 13. Rad1 Ne5 14. Bh6 Rxc3 15.
Bxg7 Rxb3 16. axb3 Kxg7 17. f4 Nc6 18. e5 dxe5 19. fxe5 Nd5 20. Nf5+ gxf5 21.
Qxd5 Qxd5 22. Rxd5 Nb8 23. Rc5 Rd8 24. Rc7 Rd7 25. Rxd7 Nxd7 26. e6 fxe6 27.
Rxe6 Kf7 28. Re3 Be4 29. c4 b4 30. Kf2 Nc5 31. Kg3 Kf6 32. h4 h5 33. Kf2 f4 34.
Re2 e5 35. Rd2 Bd3 36. Kf3 Kf5 37. Rd1 e4+ 38. Kf2 e3+ 39. Ke1 Ke4 40. Ra1 Nxb3
41. Rxa6 Nd4 42. Kd1 e2+ 43. Kd2 f3 44. Ra8 Bxc4 45. Re8+ Kf4 46. Rf8+ Kg3 47.
gxf3 Nxf3+ 48. Rxf3+ Kxf3 49. Ke1 Bg8 50. b3 Bxb3 51. Kd2 Kf2 0-1

[Event "Copenhagen Chess Challenge 2008"]
[Site "Ballerup"]
[Date "2008.??.??"]
[Round "6"]
[White "Christensen, Esben"]
[Black "Hvenekilde, Jorgen"]
[Result "1/2-1/2"]
[WhiteElo "2038"]
[BlackElo "2210"]
[PlyCount "70"]
[EventDate "2008.??.??"]
[EventType "swiss"]
[EventRounds "9"]
[EventCountry "DEN"]

1. e4 e5 2. Nf3 d6 3. d4 exd4 4. Nxd4 Nf6 5. Nc3 Be7 6. Be2 O-O 7. O-O Re8 8.
Re1 a5 9. g4 Bf8 10. f3 Na6 11. g5 Nd7 12. f4 Nac5 13. Bf3 Nb6 14. Bg2 c6 15.
Nde2 Bg4 16. h3 Bh5 17. Be3 d5 18. e5 Nc4 19. Bf2 Nxb2 20. Qc1 Bxe2 21. Nxe2
Nc4 22. h4 Ne4 23. Bxe4 dxe4 24. Ng3 e3 25. Bxe3 Nxe3 26. Qxe3 Qd5 27. Ne4 Rad8
28. Qb3 Qd4+ 29. Kg2 b5 30. c3 Qa7 31. Rad1 a4 32. Qc2 c5 33. h5 Qb7 34. Kg3 b4
35. Qxa4 Ra8 1/2-1/2

[Event "Copenhagen Chess Challenge 2008"]
[Site "Ballerup"]
[Date "2008.??.??"]
[Round "6"]
[White "Haubro, Martin"]
[Black "Hartsteen, Mark"]
[Result "0-1"]
[WhiteElo "1791"]
[BlackElo "1909"]
[PlyCount "44"]
[EventDate "2008.??.??"]
[EventType "swiss"]
[EventRounds "9"]
[EventCountry "DEN"]

1. e4 c6 2. d4 d5 3. exd5 cxd5 4. Bd3 Nf6 5. Bf4 Qb6 6. b3 Nc6 7. c3 Bd7 8. Nf3
Bg4 9. O-O g6 10. Nbd2 Bg7 11. Qc2 O-O 12. h3 Bxf3 13. Nxf3 Rac8 14. Qd2 Rfe8
15. Rfe1 e6 16. Be3 Nd7 17. c4 Nxd4 18. Nh2 dxc4 19. Bxc4 Red8 20. Red1 Nc5 21.
Qc1 Qc6 22. Qa3 Nc2 0-1

[Event "Copenhagen Chess Challenge 2008"]
[Site "Ballerup"]
[Date "2008.??.??"]
[Round "6"]
[White "Haubro, Sigfred"]
[Black "Knudsen, Jes West"]
[Result "0-1"]
[WhiteElo "2130"]
[BlackElo "1980"]
[PlyCount "86"]
[EventDate "2008.??.??"]
[EventType "swiss"]
[EventRounds "9"]
[EventCountry "DEN"]

1. e4 d5 2. exd5 Nf6 3. d4 Nxd5 4. Nf3 Bg4 5. Be2 Nc6 6. O-O Qd6 7. b4 Qxb4 8.
a3 Qd6 9. c4 Nf4 10. Bxf4 Qxf4 11. d5 O-O-O 12. Qb3 Bxf3 13. Qxf3 Nd4 14. Qh3+
e6 15. Bd3 Kb8 16. Nc3 Bd6 17. Rfe1 g5 18. Ne4 exd5 19. cxd5 g4 20. Qh5 f6 21.
Rab1 Ka8 22. Ng3 Bc5 23. Ne4 Bb6 24. d6 cxd6 25. a4 Qe5 26. Qh6 f5 27. Ng5 Qf4
28. a5 Bxa5 29. Qg7 Bb6 30. Rxb6 axb6 31. Qc7 Nb3 32. Ba6 Rb8 33. Qxb6 Qd2 34.
Rb1 Qa2 35. Rxb3 Qxa6 36. Qb4 Rhc8 37. h4 Rc4 38. Qd2 Ra4 39. Ne6 Ra1+ 40. Kh2
Qc4 41. Qe3 Rc8 42. Nd4 Qc1 43. Qe7 Qf4+ 0-1